[Event "Kharkov Young-Experienced"]
[Site "Kharkov"]
[Date "2021.08.15"]
[Round "3"]
[White "Cherniaiev, Tykhon"]
[Black "Avanesov, Nikolay"]
[Result "1/2-1/2"]
[WhiteElo "2152"]
[BlackElo "2179"]
[PlyCount "54"]
[EventDate "2021.08.13"]
[EventType "schev"]
[EventRounds "8"]
[EventCountry "UKR"]
[SourceTitle "EXT 2023"]
[Source "ChessBase"]
[SourceDate "2022.10.05"]
[SourceVersion "1"]
[SourceVersionDate "2022.10.05"]
[SourceQuality "1"]

1. Nf3 d5 2. c4 c6 3. e3 Nf6 4. b3 Bf5 5. Bb2 e6 6. Nc3 h6 7. Be2 Nbd7 8. 0-0 Be7 9. d4 Ne4 10. Bd3 Nxc3 11. Bxc3 Bxd3 12. Qxd3 Nf6 13. Nd2 0-0 14. Rac1 Rc8 15. Rfd1 Qd7 16. e4 Nxe4 17. Nxe4 dxe4 18. Qxe4 Rfe8 19. Rd3 f5 20. Qe2 Bf6 21. Rcd1 Qf7 22. h3 Rcd8 23. Qd2 Rd7 24. d5 Bxc3 25. dxe6 Bxd2 26. exf7+ Rxf7 27. R3xd2 Rfe7 1/2-1/2